| 000 | 01192cab a2200373 4500 | ||
|---|---|---|---|
| 001 | WB2832-02 | ||
| 008 | 090401t1992 xxu||||| |||| 00| 0 eng d | ||
| 035 | _a(Sirsi) u64970 | ||
| 041 | _aeng | ||
| 245 | _aRationalising the construction industry | ||
| 260 | _c1992 | ||
| 350 | _a0 | ||
| 490 |
_aFinancial Times _v6 August 1992, 15 |
||
| 490 |
_aTimes _v6 August 1992, 7(2) |
||
| 520 | _aAlthough the construction industry is experiencing a recession likely to continue until 1994 according to reports from EC Harris and NEDO, the volume of work equals that of 1986-87. With about 200 000 companies sharing a turnover of £40bn a case for rationalisation of the industry can be made. | ||
| 650 | _aCIVIL ENGINEERING | ||
| 650 | _aCONSTRUCTION COMPANIES | ||
| 650 | _aCONSTRUCTION INDUSTRY | ||
| 650 | _aCOSTAIN | ||
| 650 | _aEC HARRIS | ||
| 650 | _aFORECAST | ||
| 650 |
_aInfrastructure _96246 |
||
| 650 | _aNEDO | ||
| 650 | _aOUTPUT | ||
| 650 | _aRATIONALISATION | ||
| 650 | _aRECESSION | ||
| 650 | _aSHARE PRICES | ||
| 650 | _aTARMAC | ||
| 650 | _aTAYLOR WOODROW | ||
| 650 | _aWIMPEY | ||
| 690 | _aBUILT ENVIRONMENT | ||
| 942 | _n0 | ||
| 948 | _c04/03/1997 | ||
| 999 |
_c40485 _d40485 |
||